Gaming Quiz

Random Gaming or Typing Quiz

Dual-type Pokémon (Gen. 2) (Picture Click) Quiz Stats

 Plays Quiz not verified by Sporcle

Score 0/46 Timer 07:00
1 Play Today
% Correct
Chinchou
93.9%
Lanturn
93.7%
Xatu
93.5%
Crobat
92.7%
Natu
92.2%
Noctowl
91.2%
Ariados
91.1%
Ledian
90.8%
Houndoom
90.3%
Scizor
89.7%
Hoothoot
89.6%
Tyranitar
89.4%
Houndour
89.3%
Spinarak
88.9%
Lugia
88.9%
Skarmory
88.8%
Quagsire
88.7%
Steelix
88.2%
Slowking
88%
Ho-Oh
88%
Forretress
87.9%
Jumpluff
87.8%
Piloswine
87.6%
% Correct
Heracross
87.4%
Skiploom
87.3%
Gligar
87.2%
Sneasel
87.2%
Murkrow
86.9%
Kingdra
86.9%
Ledyba
86.6%
Hoppip
86.2%
Pupitar
86.2%
Yanma
86%
Wooper
85.6%
Swinub
85.5%
Togetic
85.4%
Larvitar
84.4%
Delibird
82.5%
Magcargo
82.4%
Mantine
82.4%
Qwilfish
81.8%
Shuckle
81.3%
Celebi
80.6%
Corsola
78.6%
Girafarig
75.6%
Smoochum
73.3%

You're not logged in!

Compare scores with friends on all Sporcle quizzes.
OR
Log In

You Might Also Like...

Show Comments

Extras

Top Quizzes Today


Score Distribution

Your Account Isn't Verified!

In order to create a playlist on Sporcle, you need to verify the email address you used during registration. Go to your Sporcle Settings to finish the process.

Report this User

Report this user for behavior that violates our Community Guidelines.

Details: